| 000 | 00786cab a2200241 4500 | ||
|---|---|---|---|
| 001 | ABS56786 | ||
| 008 | 090401t1997 xxu||||| |||| 00| 0 eng d | ||
| 035 | _a(Sirsi) u77154 | ||
| 041 | _aeng | ||
| 245 | _aInheritance tax (IHT) : excluded property settlements by people domiciled overseas | ||
| 260 | _c1997 | ||
| 350 | _a0 | ||
| 490 |
_aInland Revenue Tax Bulletin _v(27) February 1997, 398-39(2) |
||
| 520 | _aExplains how the inheritance tax provisions on excluded property apply to the assets of a settlement made by someone living overseas. | ||
| 650 | _aEXCLUDED ASSETS | ||
| 650 | _aINHERITANCE TAX ACT 1984 | ||
| 650 | _aINHERITANCE TAX | ||
| 650 | _aOVERSEAS RESIDENTS | ||
| 650 | _aSETTLED PROPERTY | ||
| 690 | _aTAXATION | ||
| 942 | _n0 | ||
| 948 | _c17/03/1997 | ||
| 999 |
_c48493 _d48493 |
||